Statistics for NBA MVP Award Winners

Click here to take the quiz!

General Stats

  • This quiz has been taken 1,311 times
  • The average score is 48 of 57

Answer Stats

YearPlayer% Correct
2012LeBron James
98%
2010LeBron James
98%
2009LeBron James
98%
1996Michael Jordan
98%
1988Michael Jordan
98%
1991Michael Jordan
98%
1992Michael Jordan
98%
1998Michael Jordan
98%
2008Kobe Bryant
97%
2000Shaquille O'Neal
93%
1987Magic Johnson
91%
1989Magic Johnson
91%
1990Magic Johnson
91%
1985Larry Bird
90%
1986Larry Bird
90%
1984Larry Bird
90%
1966Wilt Chamberlain
89%
1960Wilt Chamberlain
89%
1968Wilt Chamberlain
89%
1967Wilt Chamberlain
89%
2001Allen Iverson
88%
1958Bill Russell
88%
1961Bill Russell
88%
1962Bill Russell
88%
1963Bill Russell
88%
1965Bill Russell
88%
2011Derrick Rose
88%
2002Tim Duncan
88%
2003Tim Duncan
88%
1976Kareem Abdul-Jabbar
87%
1971Kareem Abdul-Jabbar
87%
1977Kareem Abdul-Jabbar
87%
1974Kareem Abdul-Jabbar
87%
1980Kareem Abdul-Jabbar
87%
1972Kareem Abdul-Jabbar
87%
2006Steve Nash
86%
2005Steve Nash
86%
2007Dirk Nowitzki
85%
1994Hakeem Olajuwon
85%
1997Karl Malone
83%
1999Karl Malone
83%
1979Moses Malone
82%
1982Moses Malone
82%
1983Moses Malone
82%
2004Kevin Garnett
77%
1969Wes Unseld
76%
1993Charles Barkley
75%
1995David Robinson
72%
1957Bob Cousy
66%
1956Bob Pettit
66%
1959Bob Pettit
66%
1981Julius Erving
64%
1964Oscar Robertson
63%
1978Bill Walton
58%
1975Bob McAdoo
46%
1970Willis Reed
44%
1973Dave Cowens
40%

Score Distribution

Percentile by Number Answered

Percent of People with Each Score

Your Score History

You have not taken this quiz